000 00872nam a2200217Ii 4500
003 JO-AjNU
008 230605s9999||||xx |||||||||||||| ||und||
017 _a2005/12/2861
020 _a9957-181-102-5
040 _aJO-AjNU
_bara
_erda
_cJO-AjNU
041 _aara
050 1 4 _aHF5548.2.S3422.2005
100 3 _aتأليف:السالمي،علاء عبدالرزاق /م مشارك:النعيمي،محمد عبدالعال,
_eauthor
_931572
245 0 0 _aأتمتة المكاتب
264 3 1 _aعمان:دار المناهج للنشر والتوزيع؛2005
300 _a302ص
_bيحتوي على ببلوغرافية من ص299-302 ص
336 _atext
_btxt
_2rdacontent
337 _aunmediated
_bn
_2rdamedia
338 _avolume
_bnc
_2rdacarrier
650 4 _aادارة الاعمال-ادارة المكاتب-تكنولوجيا المعلومات
_931573
999 _aA12642
_c16210
_d16210